2011 Movies Blurred - Statistics

General Stats
  • This quiz has been taken 9 times
  • The average score is 20 of 51
Answer Stats
Picture Answer % Correct
Cars 2
88%
Puss In Boots
75%
Rio
75%
Scream 4
75%
Captain America: The First Avenger
63%
Friends With Benefits
63%
Green Lantern
63%
Pirates Of The Caribbean: On Stranger Tides
63%
Rango
63%
Bridesmaids
50%
Horrible Bosses
50%
Johnny English Reborn
50%
No Strings Attached
50%
Paul
50%
Thor
50%
50/50
38%
Bad Teacher
38%
Crazy, Stupid, Love.
38%
Fast Five
38%
Hanna
38%
Hugo
38%
Real Steel
38%
Red Riding Hood
38%
Source Code
38%
The Adjustment Bureau
38%
The Girl With The Dragon Tattoo
38%
Warrior
38%
X-Men: First Class
38%
Arthur
25%
Battle: Los Angeles
25%
Drive Angry
25%
Final Destination 5
25%
Fright Night
25%
Haywire
25%
I Am Number Four
25%
Immortals
25%
In Time
25%
Killer Elite
25%
Limitless
25%
Machine Gun Preacher
25%
Soul Surfer
25%
Sucker Punch
25%
The Green Hornet
25%
The Mechanic
25%
Tinker Tailor Soldier Spy
25%
Tower Heist
25%
Unknown
25%
What's Your Number?
25%
Your Highness
25%
Abduction
13%
Colombiana
13%
No matching quizzes found
Score Distribution
Percent of People with Each Score
Percentile by Number Answered
Your Score History
You have not taken this quiz